| 000 | 00731nam a2200193Ia 4500 | ||
|---|---|---|---|
| 003 | GCL | ||
| 008 | 140319s9999 xx 000 0 ara d | ||
| 040 |
_aGCL / _cGCL |
||
| 082 | 0 | 4 |
_a895.1 _bر م |
| 100 | 1 | _aروتشى، تشانغ | |
| 245 | 1 | 0 |
_aملك شجرة الرومان : حكايات المسلمين الصينيين (هدية من الاديب عبدالفتاح الجمل) / _cروتشى، تشانغ |
| 700 | 1 | _aمحمد ابوجراد | |
| 490 |
_aسلسلة كتب العنقاء _v0 |
||
| 650 | 0 | 4 | _aالقصص القصيرة |
| 650 | 0 | 4 | _aالادب الصينى المترجم |
| 650 | 0 | 4 | _aالادب العالمى المترجم |
| 650 | 0 | 4 | _aالقصص الصينية القصيرة |
| 942 |
_2ddc _cBK |
||
| 999 |
_c39908 _d39908 |
||